[Event "Rated Blitz game"]
[Site "?"]
[Date "2021.04.20"]
[Round "?"]
[White "kahvitauko"]
[Black "anjaya01"]
[Result "1-0"]
[WhiteElo "2422"]
[BlackElo "2434"]
[PlyCount "113"]
[EventDate "2021.??.??"]
[EventType "blitz"]

1. e4 e5 2. Nf3 d5 3. exd5 Bd6 4. d3 f5 5. c4 c5 6. Nc3 a6 7. Bg5 Nf6 8. Qe2
Nbd7 9. O-O-O h6 10. Bxf6 Qxf6 11. Re1 O-O 12. h3 Re8 13. Nd2 Nf8 14. g4 g6 15.
gxf5 gxf5 16. Rg1+ Kh7 17. f4 Bd7 18. Qh5 exf4 19. Rxe8 Rxe8 20. Nf3 Ng6 21. h4
Re3 22. Be2 b5 23. Ng5+ Kg7 24. Ne6+ Bxe6 25. dxe6 Qxe6 26. Nd5 Rxe2 27. Rxg6+
Qxg6 28. Qxe2 Qg1+ 29. Kd2 bxc4 30. Qe6 Qf2+ 31. Kd1 Qf3+ 32. Kc1 Qf1+ 33. Kd2
Qxd3+ 34. Ke1 Qe4+ 35. Qxe4 fxe4 36. Nc3 e3 37. Ke2 Kg6 38. Kf3 Kh5 39. Ne4 Be5
40. Nxc5 Kxh4 41. b4 cxb3 42. axb3 Kh3 43. Nxa6 Kh2 44. Nb4 Kg1 45. Nd3 Bd6 46.
b4 Kf1 47. b5 e2 48. b6 h5 49. b7 h4 50. Kg4 h3 51. Kxh3 f3 52. Kg4 f2 53. Kf5
Bb8 54. Nc5 e1=Q 55. Nd7 Qb1+ 56. Ke6 Qxb7 57. Ne5 {Time forfeit} 1-0

[Event "Rated Blitz game"]
[Site "?"]
[Date "2021.04.20"]
[Round "?"]
[White "jamomo"]
[Black "blastol"]
[Result "1-0"]
[WhiteElo "2259"]
[BlackElo "2411"]
[PlyCount "49"]
[EventDate "2021.??.??"]
[EventType "blitz"]

1. e4 e5 2. Nf3 d5 3. Nxe5 Bd6 4. Nxf7 Kxf7 5. exd5 Nf6 6. c4 Re8+ 7. Be2 Bg4
8. f3 Ne4 9. O-O Bc5+ 10. d4 Nf6 11. fxg4 Qe7 12. dxc5 Qxe2 13. Qxe2 Rxe2 14.
g5 Nbd7 15. gxf6 Nxc5 16. Nc3 Rc2 17. Be3 Nd3 18. Bd4 g6 19. Rae1 Nxe1 20. Rxe1
Re8 21. Rxe8 Kxe8 22. b3 Kf7 23. Ne4 Rxa2 24. Ng5+ Kf8 25. Bc5+ {Normal} 1-0

[Event "Rated Blitz game"]
[Site "?"]
[Date "2021.04.20"]
[Round "?"]
[White "RokVr"]
[Black "pasha1984"]
[Result "0-1"]
[WhiteElo "2466"]
[BlackElo "2410"]
[PlyCount "44"]
[EventDate "2021.??.??"]
[EventType "blitz"]

1. e4 e5 2. Nf3 d5 3. Nxe5 dxe4 4. d4 Bd6 5. Nc4 Nc6 6. Be3 Nge7 7. Nxd6+ Qxd6
8. c4 Qg6 9. Nc3 O-O 10. Qc2 Bf5 11. h3 Nb4 12. Qb3 Nd3+ 13. Bxd3 exd3 14. g4
Be4 15. Nxe4 Qxe4 16. O-O-O b5 17. cxb5 Rab8 18. Qxd3 Qd5 19. a4 c6 20. bxc6
Nxc6 21. Kd2 Rxb2+ 22. Kc1 Qa2 {Normal} 0-1

[Event "Rated Blitz game"]
[Site "?"]
[Date "2021.04.20"]
[Round "?"]
[White "mindiashvili"]
[Black "blastol"]
[Result "1-0"]
[WhiteElo "2467"]
[BlackElo "2403"]
[PlyCount "45"]
[EventDate "2021.??.??"]
[EventType "blitz"]

1. e4 e5 2. Nf3 d5 3. d4 dxe4 4. Nxe5 Bd6 5. Nc4 f5 6. Nc3 Nf6 7. Nxd6+ Qxd6 8.
Bc4 Nc6 9. d5 Ne5 10. Bb3 Bd7 11. Bf4 O-O-O 12. Qd4 Nf3+ 13. gxf3 Qxf4 14. Qxa7
Be8 15. Qa8+ Kd7 16. Qxb7 Bh5 17. Qc6+ Ke7 18. Rg1 Kf8 19. Qc5+ Rd6 20. Qxc7
Bxf3 21. Qxg7+ Ke8 22. Qxh8+ Kd7 23. Rg7# {Normal} 1-0

[Event "Rated Blitz tournament 6zILzqAd"]
[Site "?"]
[Date "2021.04.20"]
[Round "?"]
[White "ivana1234"]
[Black "AdrianIsjebar"]
[Result "1-0"]
[WhiteElo "2436"]
[BlackElo "2226"]
[PlyCount "85"]
[EventDate "2021.??.??"]
[EventType "blitz"]

1. e4 e5 2. Nf3 d5 3. exd5 Qxd5 4. Nc3 Qa5 5. d4 exd4 6. Qxd4 Nc6 7. Bb5 Bd7 8.
Bxc6 Bxc6 9. O-O Ne7 10. Ne5 Rd8 11. Nxc6 Nxc6 12. Re1+ Ne7 13. Qe4 c6 14. b4
Qh5 15. Bf4 Qg6 16. Qe3 Qxc2 17. Rac1 Qf5 18. Bg3 g6 19. Be5 f6 20. Bg3 Rd7 21.
Qxa7 Bh6 22. Qb8+ Rd8 23. Qxb7 Qd7 24. Qxd7+ Rxd7 25. Rcd1 Rxd1 26. Rxd1 Kf7
27. Rd7 Ke6 28. Rd6+ Kf7 29. Ne4 Bg7 30. Rd7 Ke6 31. Nc5+ Kf7 32. Bd6 Re8 33.
a4 Bf8 34. a5 Ra8 35. a6 Ke8 36. Rb7 Nc8 37. Bxf8 Kxf8 38. Ne6+ Kg8 39. Nc7 Ra7
40. Kf1 Kf7 41. Nb5+ Ke6 42. Nxa7 Nxa7 43. Rxa7 {Normal} 1-0

[Event "Rated Blitz game"]
[Site "?"]
[Date "2021.04.20"]
[Round "?"]
[White "WelshTiger"]
[Black "annaly1979"]
[Result "1-0"]
[WhiteElo "2431"]
[BlackElo "2421"]
[PlyCount "47"]
[EventDate "2021.??.??"]
[EventType "blitz"]

1. e4 e5 2. Nf3 d5 3. Nc3 dxe4 4. Nxe4 f5 5. Nc3 e4 6. Ng1 Bc5 7. d3 Nf6 8.
dxe4 Qxd1+ 9. Nxd1 Nxe4 10. Bd3 Nxf2 11. Nxf2 Bxf2+ 12. Kxf2 O-O 13. Nf3 Nc6
14. Bd2 h6 15. Rhe1 Bd7 16. Ne5 Nxe5 17. Rxe5 Bc6 18. Rae1 Rad8 19. Bb4 Rf7 20.
Kg1 Rf6 21. Bc3 Rff8 22. Re7 Rd7 23. Rxd7 Bxd7 24. Re7 {Normal} 1-0

[Event "Rated Blitz game"]
[Site "?"]
[Date "2021.04.20"]
[Round "?"]
[White "SnoW_StooRm"]
[Black "anjaya01"]
[Result "0-1"]
[WhiteElo "2257"]
[BlackElo "2433"]
[PlyCount "68"]
[EventDate "2021.??.??"]
[EventType "blitz"]

1. e4 e5 2. Nf3 d5 3. exd5 Bd6 4. Nc3 f5 5. d4 e4 6. Ne5 Nf6 7. Bg5 O-O 8. Bc4
Nbd7 9. O-O h6 10. Nxd7 Bxd7 11. Bxf6 Qxf6 12. f3 exf3 13. Rxf3 a6 14. Qf1 b5
15. Bd3 Qh4 16. g3 Qxd4+ 17. Kh1 b4 18. Ne2 Qxd5 19. Nf4 Qb7 20. Bc4+ Kh7 21.
Rd1 Bc6 22. Nd5 Rad8 23. Rxf5 Rxf5 24. Qxf5+ Kh8 25. Kg2 Bc5 26. g4 Rf8 27. Qe5
Qc8 28. h3 Rf2+ 29. Kg3 Rxc2 30. Ne7 Bd6 31. Rxd6 cxd6 32. Qxd6 Rg2+ 33. Kh4
Qe8 34. Nxc6 g5# {Normal} 0-1

[Event "Rated Blitz game"]
[Site "?"]
[Date "2021.04.20"]
[Round "?"]
[White "garri1976"]
[Black "pasha1984"]
[Result "1-0"]
[WhiteElo "2460"]
[BlackElo "2418"]
[PlyCount "47"]
[EventDate "2021.??.??"]
[EventType "blitz"]

1. e4 e5 2. Nf3 d5 3. Nxe5 dxe4 4. d4 Bd6 5. Nc4 Nc6 6. Nxd6+ Qxd6 7. c3 Nge7
8. Be2 Qg6 9. g3 Bh3 10. Be3 O-O-O 11. Qa4 Nd5 12. Nd2 f5 13. O-O-O Bg4 14.
Bxg4 fxg4 15. Qc2 Rde8 16. Rde1 Re7 17. Rhf1 Rhe8 18. a3 h5 19. Kb1 Qf5 20. Nc4
Nb6 21. Nxb6+ axb6 22. Rd1 Qf3 23. Rfe1 Rf7 24. c4 {Time forfeit} 1-0

[Event "Rated Blitz game"]
[Site "?"]
[Date "2021.04.20"]
[Round "?"]
[White "vaiCheb0a"]
[Black "annaly1979"]
[Result "1-0"]
[WhiteElo "2456"]
[BlackElo "2421"]
[PlyCount "35"]
[EventDate "2021.??.??"]
[EventType "blitz"]

1. e4 e5 2. Nf3 d5 3. exd5 e4 4. Qe2 f5 5. d3 Nf6 6. dxe4 fxe4 7. Bg5 Be7 8.
Nd4 O-O 9. Nc3 c5 10. Ne6 Bxe6 11. dxe6 Nc6 12. Qc4 Qd4 13. Qxd4 Nxd4 14. O-O-O
Nxe6 15. Bc4 Kf7 16. Bxf6 Bxf6 17. Nxe4 Be5 18. Rd7+ {Normal} 1-0

[Event "Rated Blitz game"]
[Site "?"]
[Date "2021.04.20"]
[Round "?"]
[White "Unknown_man1"]
[Black "anjaya01"]
[Result "0-1"]
[WhiteElo "2277"]
[BlackElo "2426"]
[PlyCount "110"]
[EventDate "2021.??.??"]
[EventType "blitz"]

1. e4 e5 2. Nf3 d5 3. Nxe5 Bd6 4. d4 dxe4 5. Nc3 Bxe5 6. dxe5 Qxd1+ 7. Nxd1 Nc6
8. Bf4 Nge7 9. Nc3 Ng6 10. Bg3 h5 11. h3 h4 12. Bh2 Bf5 13. Bb5 O-O-O 14. Bxc6
bxc6 15. O-O Rd2 16. Rac1 Rhd8 17. Rfe1 R8d4 18. Red1 Kd7 19. Kf1 Ke6 20. Ke1
Rxd1+ 21. Rxd1 Rxd1+ 22. Kxd1 Nxe5 23. Ke2 Nc4 24. b3 Nd6 25. Ke3 f6 26. Na4
Bg6 27. Nc5+ Kd5 28. Nd7 Bf7 29. c4+ Ke6 30. Nc5+ Kf5 31. Na6 Ne8 32. Bxc7 Nxc7
33. Nxc7 Ke5 34. Na6 f5 35. f4+ exf3 36. Kxf3 g5 37. Nc5 Kd4 38. Nd7 Kc3 39.
Ne5 Be8 40. Ke3 Kb2 41. Kd4 Kxa2 42. b4 Kb3 43. Kc5 Ka4 44. Nf3 g4 45. Nxh4
gxh3 46. gxh3 f4 47. Nf3 Bh5 48. Nd4 f3 49. Nxf3 Bxf3 50. h4 a6 51. h5 Bxh5 52.
b5 cxb5 53. cxb5 a5 54. b6 Bf3 55. Kd4 Kb3 {Normal} 0-1

[Event "Rated Blitz game"]
[Site "?"]
[Date "2021.04.20"]
[Round "?"]
[White "SsULTANOvV"]
[Black "Akbas_Kaan"]
[Result "0-1"]
[WhiteElo "2489"]
[BlackElo "2403"]
[PlyCount "98"]
[EventDate "2021.??.??"]
[EventType "blitz"]

1. e4 e5 2. Nf3 d5 3. Nc3 dxe4 4. Nxe4 Nf6 5. Nxf6+ gxf6 6. Bc4 Be6 7. Bxe6
fxe6 8. d4 exd4 9. Nxd4 Qd5 10. Be3 Nc6 11. Nxc6 Qxc6 12. Qh5+ Ke7 13. O-O-O
Rd8 14. Rxd8 Kxd8 15. Rd1+ Kc8 16. Qf7 e5 17. f3 b6 18. h4 Kb7 19. h5 Bd6 20.
Qxf6 Rg8 21. Rd2 Qb5 22. Rxd6 Rxg2 23. Rd1 Qc4 24. c3 Qxa2 25. Rd2 Qa1+ 26. Kc2
Qa4+ 27. Kd3 Qd7+ 28. Kc2 Qa4+ 29. Kd3 Qb5+ 30. Ke4 Qc4+ 31. Kxe5 Rxd2 32. Bxd2
Qe2+ 33. Kf5 Qxd2 34. Kg4 Qxb2 35. h6 a5 36. Qd4 Qb1 37. Qd5+ Ka7 38. Qe5 Kb8
39. Qe8+ Kb7 40. Qe5 a4 41. Kg5 a3 42. Kf6 a2 43. Qd5+ Kb8 44. Qd8+ Kb7 45.
Qd5+ Ka7 46. Qd7 a1=Q 47. Qxc7+ Ka6 48. Qc4+ Qb5 49. Qc8+ Ka5 {Time forfeit}
0-1

[Event "Rated Blitz tournament kVkdEB0Z"]
[Site "?"]
[Date "2021.04.20"]
[Round "?"]
[White "JewellRoque17"]
[Black "jaketumaliuan_PCAP"]
[Result "1-0"]
[WhiteElo "2461"]
[BlackElo "2252"]
[PlyCount "105"]
[EventDate "2021.??.??"]
[EventType "blitz"]

1. e4 e5 2. Nf3 d5 3. d3 dxe4 4. dxe4 Qxd1+ 5. Kxd1 f6 6. Bd3 Be6 7. Be3 Nd7 8.
Nbd2 Bc5 9. Ke2 Bxe3 10. Kxe3 Ne7 11. Rhd1 O-O-O 12. c3 Nc5 13. Bc2 b6 14. b4
Nd7 15. a4 c5 16. a5 Kb7 17. axb6 axb6 18. Ba4 Nc6 19. Bxc6+ Kxc6 20. Ra7 Ra8
21. Rda1 Rxa7 22. Rxa7 cxb4 23. cxb4 Kb5 24. Ne1 Kxb4 25. Nd3+ Kb5 26. Nb1 Rc8
27. Na3+ Kc6 28. Nb4+ Kc5 29. Nd3+ Kd6 30. Nb5+ Kc6 31. Na3 Kd6 32. Nb5+ Ke7
33. f4 Bc4 34. Nc3 Kd6 35. fxe5+ fxe5 36. Nb4 Be6 37. Kd2 Rc4 38. Nd3 Rc6 39.
Nb5+ Ke7 40. Nxe5 Rc5 41. Nxd7 Bxd7 42. Nc3 Kd6 43. Kd3 Rh5 44. h3 Rg5 45. g4
Kc6 46. Nd5 h5 47. gxh5 Rxh5 48. Kd4 Rxh3 49. Rc7+ Kd6 50. e5+ Ke6 51. Nf4+ Kf5
52. Nxh3 Be6 53. Rxg7 {Normal} 1-0

[Event "Rated Blitz game"]
[Site "?"]
[Date "2021.04.20"]
[Round "?"]
[White "JohnChapman"]
[Black "ahoramahora"]
[Result "0-1"]
[WhiteElo "2425"]
[BlackElo "2271"]
[PlyCount "106"]
[EventDate "2021.??.??"]
[EventType "blitz"]

1. e4 e5 2. Nf3 d5 3. exd5 e4 4. Qe2 Nf6 5. Nc3 Be7 6. Nxe4 O-O 7. d3 Qxd5 8.
Bd2 Bg4 9. h3 Bh5 10. Bc3 Nc6 11. g4 Bg6 12. Nfd2 Rfe8 13. Bg2 Nxe4 14. Nxe4
Kh8 15. O-O Qd7 16. Qe3 f5 17. gxf5 Bxf5 18. Rae1 Bf8 19. a3 Rad8 20. Rd1 b6
21. Rfe1 Ne7 22. Ng5 Bg6 23. Qe6 Nf5 24. Qxd7 Rxe1+ 25. Rxe1 Rxd7 26. Be4 h6
27. Ne6 Bd6 28. Kh1 Kh7 29. Rg1 Re7 30. Rxg6 Kxg6 31. Nxg7 Rxe4 32. dxe4 Nxg7
33. Kg2 Ne6 34. Kf3 Nc5 35. b3 Kf7 36. Ke3 Ke6 37. f4 Nd7 38. f5+ Ke7 39. Bg7
h5 40. Bh6 Kf7 41. Bg5 Ne5 42. Kd4 Nd7 43. Kd5 Be5 44. Kc6 Ke8 45. Kb7 Nf6 46.
Kxa7 Nxe4 47. Bh4 Nc5 48. b4 Ne4 49. Kb7 Nd6+ 50. Kc6 Nxf5 51. Bf2 Bg3 52. Bxb6
Bh2 53. Bxc7 Kf7 {Time forfeit} 0-1

[Event "Rated Blitz game"]
[Site "?"]
[Date "2021.04.20"]
[Round "?"]
[White "RyuGabby"]
[Black "enesbeydiyeceksin"]
[Result "1-0"]
[WhiteElo "2384"]
[BlackElo "2405"]
[PlyCount "37"]
[EventDate "2021.??.??"]
[EventType "blitz"]

1. e4 e5 2. Nf3 d5 3. exd5 e4 4. Qe2 Nf6 5. Nc3 Be7 6. Nxe4 O-O 7. Nc3 Re8 8.
d4 Bb4 9. Ne5 Nxd5 10. Bd2 Bxc3 11. bxc3 f6 12. c4 Nb6 13. Bc3 fxe5 14. dxe5
Nc6 15. f4 Be6 16. Qe4 Qd7 17. Rd1 Qf7 18. Bd3 Bf5 19. Qxf5 {Normal} 1-0

[Event "Rated Rapid game"]
[Site "?"]
[Date "2021.04.20"]
[Round "?"]
[White "Rahangiar"]
[Black "Melladov"]
[Result "0-1"]
[WhiteElo "2501"]
[BlackElo "2754"]
[PlyCount "28"]
[EventDate "2021.??.??"]
[EventType "rapid"]

1. e4 e5 2. Nf3 d5 3. Nc3 d4 4. Ne2 Nc6 5. d3 Nf6 6. Ng3 Be6 7. Be2 Bb4+ 8. Bd2
Bxd2+ 9. Qxd2 Qd6 10. O-O O-O-O 11. c4 h5 12. Nf5 Bxf5 13. exf5 e4 14. Ng5 e3 {
Time forfeit} 0-1

[Event "Rated Blitz game"]
[Site "?"]
[Date "2021.04.20"]
[Round "?"]
[White "AmokChess"]
[Black "anjaya01"]
[Result "1/2-1/2"]
[WhiteElo "2377"]
[BlackElo "2441"]
[PlyCount "88"]
[EventDate "2021.??.??"]
[EventType "blitz"]

1. e4 e5 2. Nf3 d5 3. exd5 Bd6 4. Nc3 f5 5. Bb5+ Kf8 6. d3 Nf6 7. Bg5 h6 8.
Bxf6 Qxf6 9. Qe2 a6 10. Ba4 b5 11. Bb3 Nd7 12. O-O-O g5 13. g4 fxg4 14. Nd2 Kg7
15. Qxg4 Nc5 16. Qe2 Qf4 17. Kb1 Bg4 18. f3 Bh5 19. Nce4 Rhf8 20. h4 g4 21.
fxg4 Bxg4 22. Rdg1 h5 23. Qh2 Kh6 24. Ng5 a5 25. a3 a4 26. Ba2 Rf6 27. Nde4
Nxe4 28. Nxe4 Rf5 29. c4 bxc4 30. Bxc4 Raf8 31. Nxd6 cxd6 32. Qxf4+ exf4 33.
Ka2 f3 34. Rf1 f2 35. d4 Rf4 36. Rh2 Rc8 37. Bb5 Rc2 38. Bxa4 Rd2 39. Bb5 Bf5
40. Kb3 Be4 41. Kc3 Rc2+ 42. Kb3 Rd2 43. Kc3 Rc2+ 44. Kb3 Rd2 {Normal} 1/2-1/2

[Event "Rated Blitz game"]
[Site "?"]
[Date "2021.04.20"]
[Round "?"]
[White "Sprockel"]
[Black "blastol"]
[Result "0-1"]
[WhiteElo "2387"]
[BlackElo "2415"]
[PlyCount "48"]
[EventDate "2021.??.??"]
[EventType "blitz"]

1. e4 e5 2. Nf3 d5 3. Nxe5 Bd6 4. d4 dxe4 5. Nc4 f5 6. Nxd6+ Qxd6 7. Bc4 Nf6 8.
O-O Nc6 9. c3 Be6 10. Na3 Bxc4 11. Nxc4 Qd5 12. Ne3 Qd7 13. d5 Ne5 14. c4 O-O
15. Qd4 Rae8 16. Bd2 f4 17. Nd1 f3 18. Bf4 fxg2 19. Kxg2 Qg4+ 20. Bg3 Nh5 21.
Ne3 Nf4+ 22. Kg1 Ne2+ 23. Kh1 Qf3+ 24. Ng2 Nxd4 {Normal} 0-1

[Event "Rated Blitz game"]
[Site "?"]
[Date "2021.04.20"]
[Round "?"]
[White "mohsentbt"]
[Black "pasha1984"]
[Result "0-1"]
[WhiteElo "2402"]
[BlackElo "2445"]
[PlyCount "106"]
[EventDate "2021.??.??"]
[EventType "blitz"]

1. e4 e5 2. Nf3 d5 3. d4 dxe4 4. Nxe5 Bd6 5. Bc4 Bxe5 6. Qh5 Qe7 7. Qxe5 Qxe5
8. dxe5 Nc6 9. Bf4 Nge7 10. Bb5 Bf5 11. Nc3 O-O-O 12. O-O Ng6 13. Bxc6 Nxf4 14.
Bxe4 Bxe4 15. Nxe4 Rhe8 16. Rfe1 Rxe5 17. g3 Ng6 18. f4 Re7 19. f5 Ne5 20. Kg2
Rde8 21. Ng5 h6 22. Nf3 Nxf3 23. Rxe7 Nh4+ 24. gxh4 Rxe7 25. Kf3 Kd7 26. Rg1 f6
27. Rg2 Ke8 28. Rd2 Re5 29. Kf4 Ke7 30. h5 Re1 31. Rg2 Kf7 32. Rd2 Ke7 33. Rg2
Rf1+ 34. Ke4 Kf7 35. Rd2 Ke8 36. Rg2 Re1+ 37. Kf4 Kf8 38. Rd2 Re7 39. Rg2 c5
40. Rd2 Rc7 41. Rd5 c4 42. c3 a6 43. Rd8+ Ke7 44. Rg8 Kf7 45. Rd8 b5 46. Rd4
Rb7 47. a4 bxa4 48. Rxc4 Rxb2 49. Rxa4 Rxh2 50. Rxa6 Rxh5 51. c4 Rh4+ 52. Ke3
Rxc4 53. Kd3 Rf4 {Time forfeit} 0-1

[Event "Rated Blitz game"]
[Site "?"]
[Date "2021.04.20"]
[Round "?"]
[White "PerlaBlava"]
[Black "magos33"]
[Result "0-1"]
[WhiteElo "2472"]
[BlackElo "2378"]
[PlyCount "130"]
[EventDate "2021.??.??"]
[EventType "blitz"]

1. e4 e5 2. Nf3 d5 3. Nxe5 Bd6 4. Nxf7 Kxf7 5. Qh5+ g6 6. Qxd5+ Kg7 7. Qd3 Nf6
8. Nc3 Re8 9. Be2 Be5 10. O-O Nc6 11. Qxd8 Rxd8 12. d3 Nd4 13. Bd1 c6 14. f4
Bc7 15. Be3 Ng4 16. Bxg4 Bxg4 17. Rf2 Bb6 18. Re1 Be6 19. a3 a5 20. Na4 Ba7 21.
c3 Bb3 22. cxd4 Bxa4 23. f5 Bxd4 24. Bxd4+ Rxd4 25. e5 Re8 26. e6 gxf5 27. Rxf5
Rxd3 28. Rf7+ Kg8 29. Rxb7 Rd1 30. Rxd1 Bxd1 31. e7 Kf7 32. Rc7 Ba4 33. b3 Bxb3
34. Rxc6 Rxe7 35. Rh6 Kg7 36. Ra6 a4 37. h3 Re2 38. Ra7+ Kg6 39. Ra6+ Kf5 40.
Ra5+ Kf4 41. Kh2 Ra2 42. Rh5 Bc2 43. Rh4+ Kg5 44. Rg4+ Kf5 45. Rg3 Bb3 46. Rf3+
Ke4 47. h4 Rxa3 48. h5 Ra2 49. h6 Bc2 50. Rf7 Ke5 51. Kh3 Be4 52. g4 a3 53. g5
Bg6 54. Rg7 Rb2 55. Ra7 a2 56. Kg3 Kf5 57. Ra5+ Ke4 58. Ra4+ Ke3 59. Ra5 Rc2
60. Kh3 Bf7 61. Kg3 Rc1 62. Ra3+ Kd4 63. Kf4 a1=Q 64. Rxa1 Rxa1 65. Kf5 Rf1+ {
Time forfeit} 0-1

[Event "Rated Blitz game"]
[Site "?"]
[Date "2021.04.20"]
[Round "?"]
[White "Ramadhan99"]
[Black "anjaya01"]
[Result "0-1"]
[WhiteElo "2410"]
[BlackElo "2420"]
[PlyCount "118"]
[EventDate "2021.??.??"]
[EventType "blitz"]

1. e4 e5 2. Nf3 d5 3. Nxe5 Bd6 4. d4 dxe4 5. Bc4 Bxe5 6. dxe5 Qxd1+ 7. Kxd1 Nc6
8. Bf4 Bg4+ 9. Kc1 O-O-O 10. Nc3 Rd4 11. Bxf7 Nge7 12. h3 Bf5 13. g4 Bg6 14.
Be6+ Kb8 15. h4 Rf8 16. Be3 Rdd8 17. h5 Be8 18. Nxe4 Nxe5 19. Rd1 Bc6 20. Rxd8+
Rxd8 21. Nd2 Nd5 22. Bg5 Rf8 23. Bh4 Nf4 24. Bf5 Nxh5 25. a4 h6 26. Ra3 g5 27.
Bg3 Nxg3 28. Rxg3 h5 29. a5 h4 30. Rh3 a6 31. Kd1 Bg2 32. Rh2 h3 33. Ke2 Rxf5
34. gxf5 Ng4 35. Rxg2 hxg2 36. Nf3 Kc8 37. Ng1 Nh2 38. f3 g4 39. fxg4 Nxg4 40.
Kf3 Ne5+ 41. Kxg2 Nc4 42. Kf3 Nxb2 43. Ke4 Nc4 44. Nf3 Nxa5 45. Ke5 Nc6+ 46.
Ke6 a5 47. f6 a4 48. Nd2 b5 49. c3 a3 50. Nb3 a2 51. Kf7 Nd8+ 52. Ke7 c5 53. f7
Nxf7 54. Kxf7 Kd7 55. Kf6 Kd6 56. Kf5 Kd5 57. Kf4 Kc4 58. Na1 Kxc3 59. Ke3 Kb2
{Normal} 0-1

[Event "Rated Blitz game"]
[Site "?"]
[Date "2021.04.20"]
[Round "?"]
[White "fffreud"]
[Black "pasha1984"]
[Result "1-0"]
[WhiteElo "2371"]
[BlackElo "2438"]
[PlyCount "41"]
[EventDate "2021.??.??"]
[EventType "blitz"]

1. e4 e5 2. Nf3 d5 3. exd5 e4 4. Ne5 Qxd5 5. d4 exd3 6. Nxd3 Bf5 7. Nc3 Qe6+ 8.
Be2 Nc6 9. O-O O-O-O 10. Bf3 Nf6 11. Re1 Qc4 12. Be3 Bb4 13. Bxc6 Bxc3 14.
Bxb7+ Kxb7 15. bxc3 Bxd3 16. cxd3 Rxd3 17. Rb1+ Kc8 18. Qf3 Qd5 19. Qh3+ Qd7
20. Qg3 Nd5 21. Bxa7 {Normal} 1-0

[Event "Rated Blitz game"]
[Site "?"]
[Date "2021.04.20"]
[Round "?"]
[White "RussianGrossKiller"]
[Black "blastol"]
[Result "0-1"]
[WhiteElo "2388"]
[BlackElo "2405"]
[PlyCount "36"]
[EventDate "2021.??.??"]
[EventType "blitz"]

1. e4 e5 2. Nf3 d5 3. exd5 Bd6 4. Qe2 Qe7 5. d3 h6 6. c4 Nf6 7. Nc3 O-O 8. h3
Bf5 9. Bd2 Nbd7 10. Ne4 Nc5 11. Nxc5 Bxc5 12. Nh4 Bh7 13. g3 e4 14. dxe4 Nxe4
15. Be3 Bb4+ 16. Kd1 Rfe8 17. a3 Ba5 18. b4 Nc3+ {Normal} 0-1

[Event "Rated Blitz game"]
[Site "?"]
[Date "2021.04.20"]
[Round "?"]
[White "Salvaged_Dirt"]
[Black "annaly1979"]
[Result "0-1"]
[WhiteElo "2450"]
[BlackElo "2405"]
[PlyCount "54"]
[EventDate "2021.??.??"]
[EventType "blitz"]

1. e4 e5 2. Nf3 d5 3. Nxe5 Qe7 4. d4 f6 5. Nf3 dxe4 6. Nfd2 f5 7. Nc4 Nf6 8.
Bg5 Nc6 9. Nc3 Be6 10. Ne5 Bd7 11. Nxc6 Bxc6 12. Bb5 Bxb5 13. Nxb5 Qb4+ 14. Nc3
O-O-O 15. d5 Be7 16. Bxf6 Bxf6 17. O-O g5 18. Qh5 Qxb2 19. Na4 Qxa1 20. Rxa1
Bxa1 21. Qxg5 Rhf8 22. c4 Bd4 23. g3 f4 24. c5 fxg3 25. hxg3 Rxf2 26. Kh1 Rxa2
27. c6 Rf8 {Normal} 0-1

[Event "Rated Blitz tournament jeDsu65M"]
[Site "?"]
[Date "2021.04.20"]
[Round "?"]
[White "jeggerm"]
[Black "Senor_de_los_vientos"]
[Result "1-0"]
[WhiteElo "2426"]
[BlackElo "2385"]
[PlyCount "83"]
[EventDate "2021.??.??"]
[EventType "blitz"]

1. e4 e5 2. Nf3 d5 3. exd5 e4 4. Qe2 Nf6 5. Nc3 Be7 6. Nxe4 Nxd5 7. d3 O-O 8.
Qd1 Re8 9. Be2 f5 10. Nc3 Nxc3 11. bxc3 Bd6 12. O-O f4 13. d4 Nc6 14. c4 Qf6
15. c5 Bf8 16. Bc4+ Kh8 17. c3 Bg4 18. Qd3 Bf5 19. Qd2 g5 20. Bb2 Rad8 21. Rfe1
Rxe1+ 22. Qxe1 Bd7 23. d5 Re8 24. Qd2 Ne5 25. Nxe5 Qxe5 26. Bb3 Bg7 27. Rb1 Qe2
28. Qxe2 Rxe2 29. Kf1 Bb5 30. c4 Rxb2 31. Rxb2 Bxb2 32. cxb5 Bd4 33. c6 bxc6
34. bxc6 Kg7 35. Ke2 Kf6 36. d6 Be5 37. d7 Ke7 38. Kf3 h5 39. Ke4 Bf6 40. Kf5
g4 41. d8=Q+ Kxd8 42. Kxf6 {Normal} 1-0

[Event "Rated Blitz game"]
[Site "?"]
[Date "2021.04.20"]
[Round "?"]
[White "oscalik"]
[Black "pasha1984"]
[Result "0-1"]
[WhiteElo "2405"]
[BlackElo "2416"]
[PlyCount "32"]
[EventDate "2021.??.??"]
[EventType "blitz"]

1. e4 e5 2. Nf3 d5 3. Nxe5 dxe4 4. d4 Bd6 5. Nc4 Nc6 6. Nc3 Nf6 7. Bg5 Bb4 8.
Ne3 Qxd4 9. Bxf6 Bxc3+ 10. bxc3 Qxf6 11. Nd5 Qe5 12. Bc4 Be6 13. O-O O-O-O 14.
f4 exf3 15. Re1 f2+ 16. Kxf2 Qf5+ {Normal} 0-1

[Event "Rated Blitz game"]
[Site "?"]
[Date "2021.04.20"]
[Round "?"]
[White "micfel"]
[Black "blastol"]
[Result "1-0"]
[WhiteElo "2398"]
[BlackElo "2411"]
[PlyCount "57"]
[EventDate "2021.??.??"]
[EventType "blitz"]

1. e4 e5 2. Nf3 d5 3. Nxe5 Bd6 4. d4 dxe4 5. Be2 Nf6 6. O-O O-O 7. Nc3 Re8 8.
Bf4 Nbd7 9. Bc4 Re7 10. Re1 Nb6 11. Bb3 Bf5 12. Qe2 Bb4 13. Rad1 Bxc3 14. bxc3
a5 15. a4 Nbd5 16. Bd2 Nb6 17. h3 Nfd7 18. Qh5 Nxe5 19. dxe5 Bg6 20. Qg5 Qe8
21. Bf4 h6 22. Qxg6 Nxa4 23. Bxh6 Qf8 24. Bg5 Rxe5 25. Bf6 Rb5 26. Qxg7+ Qxg7
27. Bxg7 Kxg7 28. Bxa4 Re5 29. Rd7 {Normal} 1-0

[Event "Rated Blitz tournament 6zILzqAd"]
[Site "?"]
[Date "2021.04.20"]
[Round "?"]
[White "LANATER2020"]
[Black "Lur15"]
[Result "1/2-1/2"]
[WhiteElo "2437"]
[BlackElo "2312"]
[PlyCount "104"]
[EventDate "2021.??.??"]
[EventType "blitz"]

1. e4 e5 2. Nf3 d5 3. Nxe5 Bd6 4. Nxf7 Kxf7 5. Qh5+ Kf8 6. Qxd5 Nf6 7. Qd3 Nc6
8. c3 Qe7 9. f3 Bf5 10. Qe2 Bg6 11. d4 Re8 12. Bg5 Bxe4 13. fxe4 Qxe4 14. Qxe4
Nxe4 15. Be3 Nxc3 16. Nxc3 Rxe3+ 17. Kd2 Bf4 18. Nd5 Re4+ 19. Nxf4 Rxf4 20. d5
Rd4+ 21. Kc3 Rxd5 22. Bc4 Rf5 23. Rhf1 g6 24. g4 Rxf1 25. Rxf1+ Kg7 26. Rf7+
Kh6 27. Rxc7 Kg5 28. Rxb7 Rc8 29. Be6 Rf8 30. Rxh7 Rf3+ 31. Kc4 Rf2 32. Kc5 Ne5
33. h3 Rxb2 34. Rxa7 Nd3+ 35. Kd4 Nf4 36. Bd7 Rd2+ 37. Ke4 Nxh3 38. a4 Ra2 39.
a5 Nf2+ 40. Kf3 Nd3 41. Be6 Ra3 42. Bc8 Ne5+ 43. Ke4 Nxg4 44. Bxg4 Kxg4 45. a6
g5 46. Kd5 Kg3 47. Kc5 g4 48. Kb5 Kg2 49. Rg7 g3 50. a7 Rxa7 51. Rxa7 Kf1 52.
Rg7 g2 {Normal} 1/2-1/2

[Event "Rated Blitz game"]
[Site "?"]
[Date "2021.04.20"]
[Round "?"]
[White "Svetlana_Drakonovna"]
[Black "anjaya01"]
[Result "1-0"]
[WhiteElo "2456"]
[BlackElo "2436"]
[PlyCount "39"]
[EventDate "2021.??.??"]
[EventType "blitz"]

1. e4 e5 2. Nf3 d5 3. exd5 Bd6 4. Nc3 f5 5. d4 e4 6. Ne5 Nf6 7. f4 O-O 8. Bc4
a6 9. a4 Nbd7 10. O-O Qe7 11. Qe2 Kh8 12. a5 Rg8 13. Nd1 Nf8 14. Ne3 g6 15. Bd2
Bd7 16. Be1 g5 17. fxg5 Rxg5 18. Bh4 Ng8 19. Bxg5 Qxg5 20. Nf7+ {Normal} 1-0

[Event "Rated Blitz game"]
[Site "?"]
[Date "2021.04.20"]
[Round "?"]
[White "torrentec"]
[Black "annaly1979"]
[Result "1-0"]
[WhiteElo "2412"]
[BlackElo "2406"]
[PlyCount "83"]
[EventDate "2021.??.??"]
[EventType "blitz"]

1. e4 e5 2. Nf3 d5 3. exd5 e4 4. Nd4 c5 5. Nb3 f5 6. c4 Nf6 7. d4 Nbd7 8. Be3
b6 9. Be2 Bd6 10. g3 O-O 11. Nc3 a6 12. a4 Qe7 13. a5 Rb8 14. axb6 Rxb6 15. Na4
Rxb3 16. Qxb3 cxd4 17. Bxd4 Bb4+ 18. Kf1 Kh8 19. c5 Bxc5 20. Nxc5 Nxc5 21. Qb4
Nfd7 22. Rc1 e3 23. Bxc5 Nxc5 24. Qxc5 Qf6 25. Qxc8 h6 26. fxe3 Rxc8 27. Rxc8+
Kh7 28. Rc3 a5 29. Kf2 a4 30. Rd1 a3 31. Rxa3 Qxb2 32. Rad3 f4 33. exf4 Qb6+
34. Kg2 Qd6 35. Bf3 h5 36. Bxh5 Kh6 37. Bf3 g5 38. fxg5+ Kxg5 39. Re1 Qa6 40.
h4+ Kf6 41. Re6+ Qxe6 42. dxe6 {Normal} 1-0